Tutti i calciatori della Fiorentina dal 2005 al 2022 - Statistics

Statistiche generali
  • Questo quiz è stato fatto 348 volte
    188 dall'ultimo reset
  • Il punteggio medio è 57 su 225
Statistiche sulle risposte
Ruolo Risposta % Corretto
A Federico Chiesa
81%
P Sebastien Frey
80%
P Pietro Terracciano
75%
A Luca Toni
73%
A Dusan Vlahovic
71%
D Davide Astori
70%
A Giuseppe Rossi
70%
A Alberto Gilardino
69%
C Federico Bernardeschi
69%
C Borja Valero
68%
C Juan Guillerme Cuadrado
66%
D Cristiano Biraghi
65%
A Stevan Jovetic
65%
A Mario Gomez
63%
P Alban Lafont
54%
D Gonzalo Rodriguez
54%
D Manuel Pasqual
54%
D Nikola Milenkovic
54%
D Alessandro Gamberini
51%
P Ciprian Tatarusanu
51%
A Giampaolo Pazzini
51%
P Neto
51%
A Mohamed Salah
49%
A Nicolas Gonzalez
49%
C Riccardo Montolivo
49%
A Adrian Mutu
48%
A Arthur Cabral
48%
C Giacomo Bonaventura
48%
A Adem Ljajic
45%
P Bartlomiej Dragowski
45%
D Dario Dainelli
45%
C Franck Ribery
44%
C Juan Manuel Vargas
44%
C Josip Ilicic
43%
D Stefan Savic
43%
A Christian Kouame
41%
P Emiliano Viviano
41%
A Giovanni Simeone
41%
D Luca Ranieri
41%
C Martin Jorgensen
41%
C David Pizarro
40%
P Marco Sportiello
40%
C Alberto Aquilani
39%
P Artur Boruc
39%
C Gaetano Castrovilli
39%
A Khouma el Babacar
39%
D Lucas Martinez Quarta
39%
A Nikola Kalinic
39%
P Cristiano Lupatelli
38%
D German Pezzella
38%
D Matja Nastasic
38%
C Joaquin
36%
D Vitor Hugo
36%
C Alfred Duncan
35%
D Facundo Roncaglia
35%
D Gianluca Comotto
35%
A Luis Muriel
35%
C Matias Vecino
35%
A Riccardo Sottil
35%
D Per Kroldrup
34%
A Christian Vieri
33%
C Felipe Melo
33%
C Marco Donadel
33%
C Riccardo Saponara
33%
C Jonathan Ikone
31%
C Matias Fernandez
31%
C Milan Badelj
31%
A Alessio Cerci
30%
D Tomas Ujfalusi
30%
D Dalbelo Felipe
29%
D Igor
29%
D Cesare Natali
28%
A Cyril Thereau
28%
A Krzysztof Piatek
28%
D Marcos Alonso
28%
D Nenad Tomovic
28%
P Antonio Rosati
26%
C Cristian Tello
26%
D Lorenzo De Silvestri
26%
C Jordan Veretout
26%
D Lorenzo Venuti
26%
P Luca Lezzerini
26%
C Marco Benassi
26%
C Mario Alberto Santana
26%
A Mauro Zarate
26%
A Patrick Cutrone
26%
C Ruben Olivera
26%
A Alessandro Matri
25%
C Marco Marchionni
25%
D Maximiliano Olivera
25%
A Santiago Silva
25%
D Federico Balzaretti
24%
C Gerson
23%
C Lucas Torreira
23%
P Michele Cerofolini
23%
C Sofyan Amrabat
23%
A Aleksandr Kokorin
21%
D Alvaro Odriozola
21%
P Bogdan Lobont
21%
C Marko Marin
21%
C Marko Pjaca
21%
D Massimo Gobbi
21%
D Mattia Cassani
21%
A Pablo Daniel Osvaldo
21%
D Pol Lirola
21%
C Tino Costa
21%
C Valon Behrami
21%
P Vlada Avramov
21%
D Aleksa Terzic
20%
A Amauri
20%
C Andrea Lazzari
20%
D Christian Maggio
20%
A Christian Rigano
20%
C Cristian Brocchi
20%
D Dalbert
20%
C Edimilson Fernandes
20%
C Erick Pulgar
20%
A Gil Dias
20%
C Jose Maria Callejon
20%
C Papa Waigo
20%
C Sebastian Cristoforo
20%
C Valentin Eysseric
20%
C Zdravko Kuzmanovic
20%
C Bryan Dabo
19%
C Carlos Sanchez
19%
C Kevin Prince Boateng
19%
D Manuel Da Costa
19%
D Martin Caceres
19%
D Micah Richards
19%
C Stefano Fiore
19%
C Joan Verdu
18%
A Keirrison
18%
P Marco Storari
18%
A Mounir El Hamdaoui
18%
A Valeri Bojinov
18%
C Alessandro Diamanti
16%
C Cristiano Zanetti
16%
D Federico Ceccherini
16%
C Francesco Della Rocca
16%
C Franco Semioli
16%
C Gaetano D’Agostino
16%
C Ianis Hagi
16%
D Jose Maria Basanta
16%
D Michele Camporese
16%
D Vincent Laurini
16%
C Youssef Maleh
16%
A Ante Rebic
15%
C Christian Norgaard
15%
P Cristian Cejas
15%
C Fabio Liverani
15%
P Gianluca Berti
15%
A Haris Seferovic
15%
C Jasmin Kurtic
15%
C Mario Bolatti
15%
C Mario Suarez
15%
A Rafik Zekhnini
15%
D Ahmed Hegazi
14%
P Andrea Seculin
14%
C Danilo D’Ambrosio
14%
C Giulio Migliaccio
14%
C Houssine Kharja
14%
C Joshua Brillante
14%
D Kevin Malcuit
14%
P Luigi Sepe
14%
A Marcelo Larrondo
14%
D Marvin Compper
14%
A Pedro
14%
D Romulo
14%
D David Hancko
13%
A Diego Falcinelli
13%
A Enrico Fantini
13%
D Gilberto
13%
D Hrvoje Milic
13%
C Jakub Blaszczykowski
13%
C Manuele Blasi
13%
D Yohan Benalouane
13%
D Alessandro Potenza
11%
D Antonio Barreca
11%
A Kevin Mirallas
11%
C Michele Pazienza
11%
C Panagiotis Kone
11%
A Reginaldo
11%
C Sergio Almiron
11%
C Szymon Zurkowski
11%
C Tofol Montiel
11%
C Aleandro Rosi
10%
C Antonio Luis Jimenez
10%
A Jose Castillo
10%
D Kevin Diks
10%
C Marko Bakic
10%
C Rachid Ghezzal
10%
C Rafal Wolski
10%
A Samuel Di Carmine
10%
C Anderson
9%
C Cristian Llama
9%
D Davide Brivio
9%
D Giuseppe Pancaro
9%
C Guilherme Do Prado
9%
C Leonardo Capezzi
9%
D Luciano Zauri
9%
D Marco Di Loreto
9%
P Marco Roccati
9%
C Mohamed Sissoko
9%
A Ryder Matos
9%
D Sebastien De Maio
9%
A Simone Lo Faso
9%
A Zisis Vryzas
9%
C Amidu Salifu
8%
C Gianni Guigou
8%
A Joshua Perez
8%
D Modibo Diakite
8%
C Oleksandr Iakovenko
8%
C Pape Diakhate
8%
A Emiliano Bonazzoli
6%
C Kevin Agudelo
6%
D Petko Hristov
6%
D Anthony Vanden Borre
5%
A Boadu Acosty
5%
D Bruno Gaspar
5%
D Federico Masi
5%
A Jan Mlakar
5%
A Daniele Cacia
4%
C Gianni Munari
4%
C Massimo Ambrosini
3%
P Edoardo Pazzagli
0%
Nessun quiz corrispondente trovato
Distribuzione punteggi
Percentuale di utenti per punteggio
Percentile per numero di risposta
I tuoi punteggi nel tempo
Non hai fatto questo quiz dall'ultimo reset